Low voltage, low power VLSI subsystems (Record no. 8433)
[ view plain ]
| 000 -LEADER | |
|---|---|
| fixed length control field | 00753 a2200193 4500 |
| 020 ## - INTERNATIONAL STANDARD BOOK NUMBER | |
| International Standard Book Number | 007143786X |
| 040 ## - CATALOGING SOURCE | |
| Original cataloging agency | DLC |
| Language of cataloging | DLC |
| 082 00 - DEWEY DECIMAL CLASSIFICATION NUMBER | |
| Classification number | 621.395 |
| 100 1# - MAIN ENTRY--PERSONAL NAME | |
| Personal name | Yeo, Kiat Seng, |
| 245 10 - TITLE STATEMENT | |
| Title | Low voltage, low power VLSI subsystems |
| Statement of responsibility, etc. | Kiat-Seng Yeo, Kaushik Roy |
| 260 ## - PUBLICATION, DISTRIBUTION, ETC. | |
| Place of publication, distribution, etc. | New York : |
| Name of publisher, distributor, etc. | McGraw-Hill, |
| Date of publication, distribution, etc. | c2005. |
| 300 ## - PHYSICAL DESCRIPTION | |
| Extent | xxi, 293 p. : |
| Other physical details | ill. ; |
| Dimensions | 23 cm. |
| 650 #0 - SUBJECT ADDED ENTRY--TOPICAL TERM | |
| Topical term or geographic name entry element | Low voltage integrated circuits. |
| 700 1# - ADDED ENTRY--PERSONAL NAME | |
| Personal name | Roy, Kaushik. |
| 856 42 - ELECTRONIC LOCATION AND ACCESS | |
| Materials specified | Contributor biographical information |
| Uniform Resource Identifier | <a href="http://www.loc.gov/catdir/bios/mh051/2004057935.html">http://www.loc.gov/catdir/bios/mh051/2004057935.html</a> |
| 856 42 - ELECTRONIC LOCATION AND ACCESS | |
| Materials specified | Table of contents |
| Uniform Resource Identifier | <a href="http://www.loc.gov/catdir/toc/mh051/2004057935.html">http://www.loc.gov/catdir/toc/mh051/2004057935.html</a> |
| 856 42 - ELECTRONIC LOCATION AND ACCESS | |
| Materials specified | Publisher description |
| Uniform Resource Identifier | <a href="http://www.loc.gov/catdir/enhancements/fy0704/2004057935-d.html">http://www.loc.gov/catdir/enhancements/fy0704/2004057935-d.html</a> |
| 942 ## - ADDED ENTRY ELEMENTS (KOHA) | |
| Koha item type | Book |
| Call number prefix | 621.395 YEO |
| Source of classification or shelving scheme | |
| Withdrawn status | Lost status | Damaged status | Not for loan | Collection code | Permanent Location | Current Location | Shelving location | Date acquired | Source of acquisition | Cost, normal purchase price | Total Checkouts | Total Renewals | Full call number | Barcode | Date last seen | Date last checked out | Price effective from | Koha item type |
|---|---|---|---|---|---|---|---|---|---|---|---|---|---|---|---|---|---|---|
| Central Library (CL) | Central Library (CL) | General Stacks | 05/24/2007 | New Public Book | 8467.29 | 1 | 1 | 621.395 YEO | SEECS008511 | 12/15/2018 | 12/15/2018 | 01/05/2017 | Book |
